00518nam a2200109Ia 4500008004100000050002600041100003300067245017100100260008600271300002900357521002200386140724s9999 xx 000 0 und d aLC 4713.2b.D275 2012 aDayandante, Donna Camille C. aParents attitude toward their children with special needs :binfluence on personal adjustment and care of children with special needs /cDonna Camille C. Dayandante. aLas Piñas, Philippines :bSouthville International School and Colleges,cc2012. a161 p. :bill. ;c28 cm. aSpecial Education